[Event "Kitchener Riedstra Memorial U2000"]
[Site "Kitchener"]
[Date "2012.03.10"]
[Round "2"]
[White "Forsyth, Barry"]
[Black "Von Keitz, Michael"]
[Result "0-1"]
[WhiteElo "1680"]
[BlackElo "1755"]
[PlyCount "56"]
[EventDate "2012.03.09"]
[EventType "swiss"]
[EventRounds "5"]
[EventCountry "CAN"]
[SourceTitle "EXT 2022"]
[Source "ChessBase"]
[SourceDate "2021.10.06"]
[SourceVersion "1"]
[SourceVersionDate "2021.10.06"]
[SourceQuality "1"]

1. e4 c5 2. Nf3 d6 3. d4 cxd4 4. Nxd4 Nf6 5. Nc3 a6 6. Be2 g6 7. Be3 Bg7 8. 0-0 0-0 9. h3 b5 10. a3 Bb7 11. Bd3 Nc6 12. Nf3 Rc8 13. Qd2 Na5 14. Bh6 Nc4 15. Bxc4 Rxc4 16. Bxg7 Kxg7 17. b3 Nxe4 18. Qe3 Rxc3 19. Qf4 Rxc2 20. Rae1 e5 21. Nxe5 dxe5 22. Qxe5+ Qf6 23. Rxe4 Bxe4 24. Qxe4 Rfc8 25. f4 Rc1 26. Qe5 Rxf1+ 27. Kxf1 Qxe5 28. fxe5 Rc3 0-1

[Event "Guelph Winter Pro-Am U2000"]
[Site "Guelph"]
[Date "2012.02.10"]
[Round "1"]
[White "Deline, Ralph"]
[Black "Von Keitz, Michael"]
[Result "0-1"]
[WhiteElo "1783"]
[BlackElo "1666"]
[PlyCount "128"]
[EventDate "2012.02.10"]
[EventType "swiss"]
[EventRounds "5"]
[EventCountry "CAN"]
[SourceTitle "EXT 2022"]
[Source "ChessBase"]
[SourceDate "2021.10.06"]
[SourceVersion "1"]
[SourceVersionDate "2021.10.06"]
[SourceQuality "1"]

1. Nf3 Nf6 2. g3 g6 3. Bg2 Bg7 4. 0-0 0-0 5. c4 d5 6. cxd5 Nxd5 7. Nc3 b6 8. e4 Nb4 9. d4 Ba6 10. Re1 Nd3 11. e5 Nxe1 12. Nxe1 c6 13. Nf3 Bb7 14. Be3 Na6 15. Qb3 Nc7 16. Nd2 Ne6 17. Ne2 Qd7 18. f4 Nc7 19. Nc4 Nd5 20. Bf2 Ba6 21. Rc1 Rac8 22. Nc3 Nxc3 23. Qxc3 Qe6 24. b3 Rc7 25. Ne3 Rfc8 26. Qc2 Qd7 27. Rd1 e6 28. g4 Bb7 29. Bh3 f5 30. Nc4 Bf8 31. Bh4 c5 32. dxc5 Bxc5+ 33. Kf1 Qc6 34. Bg2 Qxg2+ 35. Qxg2 Bxg2+ 36. Kxg2 b5 37. Nd6 Bxd6 38. exd6 Rd7 39. gxf5 gxf5 40. Rd2 Kf7 41. Be7 Rc3 42. h4 Ke8 43. Re2 Rxe7 44. dxe7 Kxe7 45. Rd2 Rc6 46. Kf3 Rc3+ 47. Kg2 Rc7 48. Kf3 Rd7 49. Re2 Rd3+ 50. Kg2 Kd6 51. Rc2 a5 52. Re2 a4 53. bxa4 bxa4 54. Rb2 Kd5 55. Re2 Kc4 56. Rxe6 Rd2+ 57. Kg3 Rxa2 58. Rh6 Ra3+ 59. Kg2 Re3 60. Rxh7 a3 61. Ra7 Kb3 62. Rb7+ Kc2 63. Ra7 Kb2 64. h5 a2 0-1

[Event "CAN-ch Post-Secondary A"]
[Site "Waterloo"]
[Date "2011.01.15"]
[Round "1"]
[White "Pan, Neal"]
[Black "Von Keitz, Michael"]
[Result "1/2-1/2"]
[WhiteElo "2037"]
[BlackElo "1747"]
[PlyCount "78"]
[EventDate "2011.01.15"]
[EventType "swiss"]
[EventRounds "4"]
[EventCountry "CAN"]
[SourceTitle "EXT 2022"]
[Source "ChessBase"]
[SourceDate "2021.10.06"]
[SourceVersion "1"]
[SourceVersionDate "2021.10.06"]
[SourceQuality "1"]

1. e4 e5 2. Nf3 Nf6 3. Nc3 Nc6 4. Bc4 Bc5 5. 0-0 0-0 6. a3 d6 7. h3 Be6 8. Bxe6 fxe6 9. Re1 Nh5 10. Rf1 Ng3 11. d4 exd4 12. fxg3 dxc3+ 13. Kh2 cxb2 14. Bxb2 Qe7 15. Qd2 e5 16. Ng5 Kh8 17. h4 Rxf1 18. Rxf1 Rf8 19. Rxf8+ Qxf8 20. Qd5 h6 21. Nf7+ Kh7 22. Qe6 Qe7 23. Qf5+ g6 24. Qf3 Kg7 25. Bc1 Qxf7 26. Bxh6+ Kg8 27. Qg4 Kh7 28. Bg5 Bxa3 29. h5 gxh5 30. Qh4 Bc5 31. g4 a5 32. gxh5 a4 33. Bf6 Nd4 34. c3 a3 35. cxd4 a2 36. Qg5 Bxd4 37. Qf5+ Kg8 38. Qc8+ Qf8 39. Qe6+ Qf7 1/2-1/2

[Event "CAN-ch U20"]
[Site "Brantford"]
[Date "2005.05.03"]
[Round "7"]
[White "Von Keitz, Michael"]
[Black "Iv, Kieng"]
[Result "1-0"]
[WhiteElo "1599"]
[BlackElo "1466"]
[PlyCount "81"]
[EventDate "2005.04.??"]
[EventType "swiss"]
[EventRounds "9"]
[EventCountry "CAN"]
[SourceTitle "EXT 2006"]
[Source "ChessBase"]
[SourceDate "2005.11.24"]
[SourceVersion "1"]
[SourceVersionDate "2005.11.24"]
[SourceQuality "1"]

1. e4 c5 2. c3 Nc6 3. d4 d5 4. dxc5 e6 5. exd5 exd5 6. Be3 Nf6 7. Nf3 Ng4 8. Bd4 Nxd4 9. cxd4 Qa5+ 10. Nc3 a6 11. Qa4+ Qxa4 12. Nxa4 Be7 13. Nb6 Rb8 14. Nxd5 Bd8 15. h3 Nf6 16. Nxf6+ Bxf6 17. 0-0-0 0-0 18. Ne5 Be6 19. b3 Rbd8 20. Be2 Bd5 21. Bf3 Rfe8 22. Bxd5 Rxd5 23. Rhe1 Bxe5 24. Rxe5 Rexe5 25. dxe5 Rxc5+ 26. Kb2 g6 27. f4 Kf8 28. Rc1 Rb5 29. a4 Rb4 30. Rc4 Rxc4 31. bxc4 Ke7 32. Kc3 Kd7 33. Kd4 Kc6 34. c5 b5 35. cxb6 Kxb6 36. Kc4 Kc6 37. g4 Kb6 38. f5 gxf5 39. gxf5 Kc6 40. f6 a5 41. e6 1-0

[Event "CAN-ch U20"]
[Site "Brantford"]
[Date "2005.05.02"]
[Round "5"]
[White "Von Keitz, Michael"]
[Black "Jiang, Louie"]
[Result "0-1"]
[WhiteElo "1599"]
[BlackElo "1692"]
[PlyCount "86"]
[EventDate "2005.04.??"]
[EventType "swiss"]
[EventRounds "9"]
[EventCountry "CAN"]
[SourceTitle "EXT 2006"]
[Source "ChessBase"]
[SourceDate "2005.11.24"]
[SourceVersion "1"]
[SourceVersionDate "2005.11.24"]
[SourceQuality "1"]

1. e4 c5 2. Nf3 d6 3. d4 cxd4 4. Qxd4 Nc6 5. Bb5 Bd7 6. Bxc6 Bxc6 7. Nc3 Nf6 8. Bg5 e6 9. 0-0-0 Be7 10. Rhe1 0-0 11. e5 dxe5 12. Qxe5 Qb6 13. Qg3 Rfd8 14. Rxd8+ Rxd8 15. Bh6 Bf8 16. Ne5 Qb4 17. a3 Qe7 18. Nxc6 bxc6 19. Ne4 Nxe4 20. Rxe4 Qd7 21. Re1 Qd5 22. Kb1 Qh5 23. Bc1 Qa5 24. Qe5 Qb6 25. Be3 Qb7 26. Bc5 Rd5 27. Bxf8 Rxe5 28. Rxe5 Kxf8 29. Rc5 Qb6 30. b4 Qa6 31. c4 Qxa3 32. Rxc6 Qxb4+ 33. Kc1 Qe1+ 34. Kb2 Qxf2+ 35. Ka3 e5 36. Kb4 e4 37. c5 Qb2+ 38. Ka4 Qa2+ 39. Kb5 e3 40. Ra6 Qb3+ 41. Kc6 e2 42. Rxa7 e1Q 43. Rb7 Qe4+ 0-1